Vista normal
Vista MARC
Entrada Corporate Name
Número de registros utilizados en: 4
001 - CONTROL NUMBER
- control field: 10151
003 - CONTROL NUMBER IDENTIFIER
- control field: DLC
005 - DATE AND TIME OF LATEST TRANSACTION
- control field: 20200312120113.0
008 - FIXED-LENGTH DATA ELEMENTS
- fixed length control field: 130516n| azannaabn |a ana
010 ## - LIBRARY OF CONGRESS CONTROL NUMBER
- LC control number: 2013027959
040 ## - CATALOGING SOURCE
- Original cataloging agency: DLC
- Language of cataloging: spa
- Transcribing agency: Mx-PuUPA
- Description conventions: rda
- Modifying agency: Mx-PuUPA
110 2# - HEADING--CORPORATE NAME
- Corporate name or jurisdiction name as entry element: Centro de Estudios Guadalupanos UPAEP,
372 ## - FIELD OF ACTIVITY
- Field of activity: Guadalupe, Our Lady of--Study and teaching
- Source of term: lcsh
374 ## - OCCUPATION
- Occupation: Autor
377 ## - ASSOCIATED LANGUAGE
- Language code: spa
410 2# - SEE FROM TRACING--CORPORATE NAME
- Corporate name or jurisdiction name as entry element: Universidad Popular Autónoma del Estado de Puebla.
- Subordinate unit: Centro de Estudios Guadalupanos
410 2# - SEE FROM TRACING--CORPORATE NAME
- Corporate name or jurisdiction name as entry element: CEG
670 ## - SOURCE DATA FOUND
- Source citation: Ninguna como Guadalupe, 2011:
- Information found: t.p. (UPAEP, Centro de Estudios Guadalupanos UPAEP) p. 4 of cover (Centro de Estudios Guadalupanos UPAEP, Universidad Popular Autónoma de Puebla)
670 ## - SOURCE DATA FOUND
- Source citation: Its Web site, May 16, 2013:
- Information found: presentación del CEG (with the object of spreading the message of Our Lady of Guadalupe through events and historical and scientific research, the Centro de Estudios Guadalupanos UPAEP is created in order that mainly university students, and the public in general, may be educated within the devotion to the Virgen)
670 ## - SOURCE DATA FOUND
- Source citation: Monumenta histórica Guadalupanensia, 1980:
- Information found: t.p. (Centro de Estudios Guadalupanos, A. C.) de portada
670 ## - SOURCE DATA FOUND
- Source citation: Biblioteca del congreso (Estados Unidos), 12 marzo 2020:
- Information found: Catálogo electrónico
- Uniform Resource Identifier: http://bit.ly/2IJ2DmM